LEADER 01841nam a2200385 u 4500 001 000000028980 003 CaOOAMICUS 005 20070226111849.0 008 961213s1996 it u000 u ita u 020 $a8876527060 035 $a10747723 040 $aIPA$bita 100 1 $aBellandi, Andrea,$d1960-$0(OLS)http://pul/name/23519 245 10$aFede cristiana come "stare e comprendere" :$bla giustificazione dei fondamenti della fede in Joseph Ratzinger /$cAndrea Bellandi. 260 $aRoma :$bEditrice Pontificia Universitą Gregoriana,$c1996. 300 $a415 p. ;$c24 cm 490 1 $aTesi Gregoriana.$aSerie teologia ;$v10 500 $aComprende indici. 502 $aDiss. -- Pontificia Universitą gregoriana. 504 $aBibliografia: p. 371-404. 600 04$aBenedictus PP. XVI,$d1927-2022.$0(OLS)http://pul/subject/33817 650 4$aFede.$0(OLS)http://pul/subject/668 710 2 $aPontificia Universitą Gregoriana.$0(OLS)http://pul/name/147 830 0$aTesi Gregoriana.$pSerie teologia ;$v10.$0(OLS)http://pul/title/39607 850 $aPUL 852 $aPUL$W1$xSL Religione 3$y85$m234. 092 Belan 1$j40197$nBK-PRI$b $qDDC 21$B40197$CPULBib$Z2$F40197 $HPUL99491 $81 910 $aPontificia Universitas Gregoriana$9147 941 1 $a9 960 $aRatzinger, Joseph,$ccard.$d1927-$933817 960 $aPapi (2005-2013: Benedictus PP XVI)$933817 960 $aPapi (2005-2013: Benedictus PP XVI)$933817 960 $aBenedetto$bXVI,$cpapa,$d1927-$933817 996 $6020$a8876527060$9(OLS)http://pul/number/36083 996 $6245$aFede cristiana come "stare e comprendere" :$bla giustificazione dei fondamenti della fede in Joseph Ratzinger$9(OLS)http://pul/title/39606 996 $6260$aRoma :$bEditrice Pontificia Universitą Gregoriana$9(OLS)http://pul/publisher/51116 LEADER 01819nam a2200373 i 4500 001 000000119960 003 CaOOAMICUS 005 20240216104049.0 008 100212t2005 it u000 u ita r 020 $a88-88835-15-6 032 $aLibriCat 040 $aPUL$bita$dReb 041 1 $aita$heng 100 1 $aNovak, Michael,$d1933-2017.$0(OLS)http://pul/name/31524 240 10$aUniversal hunger for liberty$lItaliano.$0(OLS)http://pul/title/150922 245 10$aNoi, voi e l'Islam :$blettera aperta all'Europa sulla libertą /$cMichael Novak ; a cura di Flavio Felice ; traduzione di Paolo Gambi, supervisione generale di Alberto Rezzi. 260 $aRoma :$bLiberal,$c©2005. 300 $a348 p.$c21 cm 504 $aInclude riferimenti bibliografici ed indice. 650 4$aLiberalismo.$0(OLS)http://pul/subject/3409 650 4$aChiesa e questioni sociali$xChiesa cattolica.$0(OLS)http://pul/subject/2309 650 4$aCristianesimo e altre religioni$xIslamismo.$0(OLS)http://pul/subject/1848 700 1 $aGambi, Paolo.$0(OLS)http://pul/name/75003 700 1 $aRezzi, Alberto,$d1976-$0(OLS)http://pul/name/59437 700 1 $aFelice, Flavio,$d1969-$0(OLS)http://pul/name/42078 850 $aPUL 852 $aPUL$W1$xSL Diritto e Scienze Sociali 3$y79$m320. 01 NOVMI 1$j137615$qDDC 21$B136715$CPULBib$Z2$F136715 $H112812 $82 852 $aPUL$W1$xDP1 Fondo S. Lanza$y121$m3 I 13$j167368$qFondi$B167948$CPULBib$Z2$F167948 $HLAN248 $82 941 1 $a9 941 1 $a1 996 $6020$a88-88835-15-6$9(OLS)http://pul/number/143256 996 $6245$aNoi, voi e l'Islam :$blettera aperta all'Europa sulla libertą$9(OLS)http://pul/title/150921 996 $6260$aRoma :$bLiberal$9(OLS)http://pul/publisher/69678